Tax administrations and capacity building <a> collective challenge

Salvato in:
Dettagli Bibliografici
Natura: Libro
Lingua:inglese
Pubblicazione: Paris OECD 2016
Soggetti:
Tags: Aggiungi Tag
Nessun Tag, puoi essere il primo ad aggiungerne!!

MARC

LEADER 00000nam a2200000 4500
001 0228915
005 20221107101254.3
020 |a 978-92-64-25662-0 
041 0 |a eng 
044 |a FR 
245 1 0 |a Tax administrations and capacity building  |b <a> collective challenge 
264 1 |a Paris  |b OECD  |c 2016 
300 |a 73 s. 
610 2 0 |a dane 
610 2 0 |a zdaňovanie 
610 2 0 |a správa daňová